đàm phán trong kinh doanh quốc tế

में बचाया:
ग्रंथसूची विवरण
मुख्य लेखक: ĐOÀN THỊ HỒNG VÂN
स्वरूप: पुस्तक
भाषा:Undetermined
प्रकाशित: Tp. HCM Thống Kê 2001
विषय:
टैग : टैग जोड़ें
कोई टैग नहीं, इस रिकॉर्ड को टैग करने वाले पहले व्यक्ति बनें!
Thư viện lưu trữ: Trung tâm Học liệu Trường Đại học Cần Thơ
LEADER 00532nam a2200169Ia 4500
001 CTU_45526
008 210402s9999 xx 000 0 und d
082 |a 658.4052 
082 |b V121 
100 |a ĐOÀN THỊ HỒNG VÂN 
245 0 |a đàm phán trong kinh doanh quốc tế 
245 0 |c ĐOÀN THỊ HỒNG VÂN 
260 |a Tp. HCM 
260 |b Thống Kê 
260 |c 2001 
650 |a international economic relations,negotiation in business 
980 |a Trung tâm Học liệu Trường Đại học Cần Thơ